Movies Quiz

Random Movies or Decade Quiz

Five Decade Movie Medley X Quiz Stats

 Plays Quiz Updated Mar 21, 2020

Support Sporcle.
Go Orange.
Score 0/25 Timer 07:00
0 Plays Today
Hint Answer % Correct
2000s DreamWorksShrek
97.7%
Kung Fu Panda
93.2%
1960s HistoricalLawrence of Arabia
88.8%
Kindergarten Cop
86%
1990s Schwarzenegger Terminator 2: Judgment Day
85.5%
The Ten Commandments
85.3%
Dirty Harry
83.7%
Chicken Run
82.2%
Spartacus
76.1%
Madagascar
75.1%
Shark Tale
71.4%
Total Recall
69.9%
1950s Number Titles12 Angry Men
69.7%
Hint Answer % Correct
True Lies
68.4%
Batman & Robin
65.6%
The Great Escape
62.1%
Serpico
62.1%
All the President's Men
59.7%
1970s Investigators Chinatown
56%
The Seven Samurai
51.7%
Bonnie and Clyde
48.7%
The Seventh Seal
34.5%
The Conversation
27.9%
The Longest Day
25.4%
The 400 Blows
11.7%

From the Vault

Shakespeare Play: Any Word A-Z

by Flick

Pick a word, any word.
Remove Ads.
Support Sporcle.
Get the best of Sporcle when you Go Orange. This ad-free experience offers more features, more stats, and more fun while also helping to support Sporcle. Thank you for becoming a member.

Show Comments

Extras

Top Quizzes Today


Score Distribution

Your Account Isn't Verified!

In order to create a playlist on Sporcle, you need to verify the email address you used during registration. Go to your Sporcle Settings to finish the process.

Report this User

Report this user for behavior that violates our Community Guidelines.

Details: